[Event "jhw world CC Championship"]
[Site "SchemingMind.com"]
[Date "2007.07.09"]
[Round "-"]
[White "jhw"]
[Black "GLADI8R"]
[Result "0-1"]
[WhiteCountry "RSA"]
[BlackCountry "USA"]
[WhiteElo "1616"]
[WhiteRD "112"]
[BlackElo "1444"]
[BlackRD "109"]
[GameID "112321"]

1. e4 c5 2. Nf3 Nc6 3. d4 cxd4 4. Nxd4 Nf6 5. Nc3 d6 6. Bg5 e6 7. Qd2 Be7 8. O-O-O O-O 9. f4 Nxd4 10. Qxd4 Qa5
11. Bc4 Bd7 12. e5 dxe5 13. fxe5 Rfd8 14. exf6 Qxg5+ 15. Qd2 Qxd2+ 16. Rxd2 Bxf6 17. Rhd1 Bc6 18. g3 Bg5 19. Bb5 Bxd2+ 20. Rxd2 Rxd2
21. Kxd2 Bxb5 22. Nxb5 Rd8+ 23. Ke3 a6 24. Nd4 e5 25. Nf3 f6 26. c4 Rd1 27. Nd2 Kf7 28. Ke2 Ra1 29. a3 Ke6 30. Kd3 Rd1
31. Ke2 Rh1 32. h4 Rh2+
0-1

[Event "jhw world CC Championship"]
[Site "SchemingMind.com"]
[Date "2007.07.10"]
[Round "-"]
[White "Theodoric"]
[Black "WannaBe"]
[Result "1-0"]
[WhiteCountry "ENG"]
[BlackCountry "USA"]
[WhiteElo "1793"]
[WhiteRD "62"]
[BlackElo "1452"]
[BlackRD "76"]
[GameID "112322"]

1. e4 c5 2. c3 Nf6 3. e5 Nd5 4. d4 cxd4 5. Bc4 Qc7 6. Qe2 Nb6 7. Bd3 Nc6 8. Nf3 d6 9. exd6 Qxd6 10. O-O e6
11. cxd4 Be7 12. Re1 Nxd4 13. Nxd4 Qxd4 14. Rd1 Qf6 15. Nc3 O-O 16. Qc2 Bd7 17. Bxh7+ Kh8 18. Be4 Bc6 19. Bxc6 bxc6 20. Rd3 Qe5
21. Rh3+
1-0

[Event "jhw world CC Championship"]
[Site "SchemingMind.com"]
[Date "2007.07.10"]
[Round "-"]
[White "Theodoric"]
[Black "Archon"]
[Result "1-0"]
[WhiteCountry "ENG"]
[BlackCountry "CAN"]
[WhiteElo "1793"]
[WhiteRD "62"]
[BlackElo "1711"]
[BlackRD "52"]
[GameID "112323"]

1. e4 d6 2. d4 Nf6 3. Nc3 g6 4. Bg5 Bg7 5. Qd2 c6 6. f4 O-O 7. O-O-O b5 8. e5 b4 9. exf6 bxc3 10. Qxc3 exf6
11. Bh4 Qb6 12. Nf3 f5 13. Bf2 a5 14. Qa3 d5 15. c3 Ba6 16. Re1 Nd7 17. Bxa6 Qxa6 18. Bh4 Rfe8 19. Qd6 Qb7 20. Rxe8+ Rxe8
21. Qa3 Rb8 22. Be7 Bf8 23. Bxf8 Nxf8 24. Re1 Ne6 25. g3 a4 26. Ne5 Qa7 27. Nxc6 Qa8 28. Nxb8 Qxb8 29. Qxa4 Qd6 30. Qa8+
1-0

[Event "jhw world CC Championship"]
[Site "SchemingMind.com"]
[Date "2007.07.11"]
[Round "-"]
[White "Theodoric"]
[Black "drunkenmaster"]
[Result "1/2-1/2"]
[WhiteCountry "ENG"]
[BlackCountry "PHI"]
[WhiteElo "1793"]
[WhiteRD "62"]
[BlackElo "1889"]
[BlackRD "83"]
[GameID "112324"]

1. e4 e5 2. Nf3 Nc6 3. Bc4 Be7 4. O-O d6 5. h3 Nf6 6. Nc3 O-O 7. d3 a6 8. Be3 b5 9. Bd5 Bb7 10. a3 Qd7
11. b4 Nd8 12. Bxb7 Nxb7 13. Re1 Rfe8 14. Bg5 c6 15. Ne2 h6 16. Bxf6 Bxf6 17. c3 a5 18. d4 exd4 19. Nexd4 axb4 20. axb4 c5
21. bxc5 Rxa1 22. Qxa1 dxc5 23. e5 cxd4 24. exf6 Rxe1+ 25. Nxe1 d3 26. Nf3 gxf6 27. Qa8+ Kg7 28. Qa7 Qd5 29. Qa8 Qd7 30. Qa7 Qd5
31. Qa8 Qd7 32. Qa7=
1/2-1/2

[Event "jhw world CC Championship"]
[Site "SchemingMind.com"]
[Date "2007.07.10"]
[Round "-"]
[White "Theodoric"]
[Black "GLADI8R"]
[Result "1-0"]
[WhiteCountry "ENG"]
[BlackCountry "USA"]
[WhiteElo "1803"]
[WhiteRD "74"]
[BlackElo "1444"]
[BlackRD "109"]
[GameID "112325"]

1. e4 c5 2. c3 Nf6 3. e5 Nd5 4. d4 cxd4 5. Bc4 Nb6 6. Bb3 dxc3 7. Nxc3 Nc6 8. Nf3 g6 9. Ng5 Bg7 10. Bxf7+ Kf8
11. Bb3 Nxe5 12. Ne6+
1-0

[Event "jhw world CC Championship"]
[Site "SchemingMind.com"]
[Date "2007.07.10"]
[Round "-"]
[White "Theodoric"]
[Black "kwabena"]
[Result "1-0"]
[WhiteCountry "ENG"]
[BlackCountry "ENG"]
[WhiteElo "1793"]
[WhiteRD "62"]
[BlackElo "1576"]
[BlackRD "79"]
[GameID "112326"]

1. e4 d5 2. exd5 Qxd5 3. Nc3 Qe5+ 4. Be2 e6 5. Nf3 Qa5 6. O-O c5 7. d4 cxd4 8. Qxd4 Nc6 9. Qd1 a6 10. Bd2 Qc7
11. Re1 Nf6 12. Bd3 Bd6 13. Ne4 Be7 14. Nxf6+ Bxf6 15. c3 b5 16. Qc2 h6 17. Rad1 Bb7 18. Be4 O-O 19. Qc1 Ne7 20. Bxb7 Qxb7
21. Bf4 Nd5 22. Be5 Rfd8 23. Bxf6 Nxf6 24. Qc2 Qb6 25. h3 Rxd1 26. Rxd1 Rd8 27. a3 Rxd1+ 28. Qxd1 Qc7 29. Qd4 Qd7 30. Qxd7 Nxd7
31. Kf1 Nc5 32. Ne5 f6 33. Nc6 Kf7 34. Nb8 e5 35. Ke2 a5 36. Nc6 Nb7 37. Ke3 b4 38. cxb4 axb4 39. Nxb4 Na5 40. Kd3 Ke6
41. Nc2 h5 42. b4 Nb7 43. a4 Kd6 44. Ke4 g5 45. Kf5 Ke7 46. Kg6 h4 47. a5 Nd6 48. a6 Nb5 49. Ne3 Na7 50. Nd5+
1-0

[Event "jhw world CC Championship"]
[Site "SchemingMind.com"]
[Date "2007.07.10"]
[Round "-"]
[White "Theodoric"]
[Black "jhw"]
[Result "1-0"]
[WhiteCountry "ENG"]
[BlackCountry "RSA"]
[WhiteElo "1793"]
[WhiteRD "62"]
[BlackElo "1635"]
[BlackRD "88"]
[GameID "112327"]

1. e4 e5 2. Nf3 Nc6 3. d4 exd4 4. Bc4 Nf6 5. O-O Nxe4 6. Re1 d5 7. Bxd5 Qxd5 8. Nc3 Qa5 9. Nxe4 Be6 10. Bd2 Qf5
11. Bg5 h6 12. Qd3 Qa5 13. Bd2 Qd5 14. c3 O-O-O 15. cxd4 Nxd4 16. Nxd4 Qxd4 17. Qg3 f5 18. Rac1 Bd6 19. Nxd6+ Rxd6 20. Be3 Qd3
21. Qxg7
1-0

[Event "jhw world CC Championship"]
[Site "SchemingMind.com"]
[Date "2007.07.10"]
[Round "-"]
[White "WannaBe"]
[Black "Theodoric"]
[Result "0-1"]
[WhiteCountry "USA"]
[BlackCountry "ENG"]
[WhiteElo "1442"]
[WhiteRD "76"]
[BlackElo "1803"]
[BlackRD "74"]
[GameID "112328"]

1. e4 e6 2. d4 d5 3. exd5 exd5 4. c4 Nf6 5. Nf3 Nc6 6. Nc3 Bb4 7. a3 Bxc3+ 8. bxc3 O-O 9. Bd3 Re8+ 10. Be3 Ng4
11. Qd2 Na5 12. Rb1 dxc4 13. Bc2 Bd7 14. O-O Nxe3 15. Rfe1 Nxc2 16. Qxc2 Qf6 17. Re3 Bf5 18. Qe2 Rxe3
0-1

[Event "jhw world CC Championship"]
[Site "SchemingMind.com"]
[Date "2007.07.10"]
[Round "-"]
[White "Archon"]
[Black "Theodoric"]
[Result "0-1"]
[WhiteCountry "CAN"]
[BlackCountry "ENG"]
[WhiteElo "1706"]
[WhiteRD "57"]
[BlackElo "1803"]
[BlackRD "74"]
[GameID "112329"]

1. e4 e6 2. d4 d5 3. e5 c5 4. c3 Nc6 5. Nf3 Qb6 6. a3 c4 7. Nbd2 Nge7 8. Bxc4 Nf5 9. Bd3 g6 10. Bxf5 gxf5
11. Nf1 Bd7 12. Ne3 O-O-O 13. b4 Rg8 14. Rg1 Bg7 15. a4 a6 16. Ng5 Be8 17. b5 Nb8 18. bxa6 Nxa6 19. Ba3 Bf8 20. Rb1 Qc7
21. Kf1 Bxa3
0-1

[Event "jhw world CC Championship"]
[Site "SchemingMind.com"]
[Date "2007.07.12"]
[Round "-"]
[White "drunkenmaster"]
[Black "Theodoric"]
[Result "1-0"]
[WhiteCountry "PHI"]
[BlackCountry "ENG"]
[WhiteElo "1886"]
[WhiteRD "83"]
[BlackElo "1783"]
[BlackRD "59"]
[GameID "112330"]

1. e4 e6 2. d4 d5 3. Nc3 Bb4 4. e5 c5 5. a3 cxd4 6. axb4 dxc3 7. bxc3 Qc7 8. Nf3 Nd7 9. Bb5 Qxc3+ 10. Bd2 Qc7
11. O-O Ne7 12. Qe2 Nc6 13. c4 O-O 14. Rfe1 Ne7 15. Rac1 Qd8 16. c5 h6 17. Nd4 a6 18. Bd3 Nb8 19. Qg4 Kh8 20. Qh5 Ng8
21. Re3 Qe8 22. Qg4 f5 23. exf6 Nxf6 24. Qe2 Nc6 25. Nxe6 Bxe6 26. Rxe6 Qf7 27. Bc3 d4 28. Bd2 Rae8 29. Re1 Rxe6 30. Qxe6 Qxe6
31. Rxe6 Re8 32. Rxe8+ Nxe8 33. Be4 Nf6= 34. Bf3 Kg8 35. Kf1 Kf7 36. Ke2 Ke6 37. Kd3 Ke5 38. g3 Kf5 39. Bg2 Ke6 40. h3 Nd5
41. Kc4 Nc7 42. Bxc6 bxc6 43. Kxd4 h5 44. g4 hxg4 45. hxg4 g6 46. f4 Nb5+ 47. Ke4 Nc7 48. f5+ gxf5+ 49. gxf5+ Ke7 50. Ke5 Nd5
51. f6+ Kf7 52. Kd6 Kxf6 53. Kxc6 Ke6 54. Kb7 Kd7 55. c6+ Kd6 56. Bf4+
1-0

[Event "jhw world CC Championship"]
[Site "SchemingMind.com"]
[Date "2007.07.10"]
[Round "-"]
[White "GLADI8R"]
[Black "Theodoric"]
[Result "1/2-1/2"]
[WhiteCountry "USA"]
[BlackCountry "ENG"]
[WhiteElo "1426"]
[WhiteRD "97"]
[BlackElo "1793"]
[BlackRD "62"]
[GameID "112331"]

1. d4 Nf6 2. c4 e6 3. Nc3 Bb4 4. f3 O-O 5. a3 Bxc3+ 6. bxc3 Nc6 7. Qc2 d5 8. e4 dxe4 9. fxe4 Nxd4 10. cxd4 Qxd4
11. Bb2 Qxe4+ 12. Qxe4 Nxe4 13. Bd3 Nc5 14. Bc2 b6 15. Nf3 Ba6 16. Nd2 Rad8 17. Rd1 Rd7 18. O-O Rfd8 19. Bc3 e5 20. Rfe1 f6
21. Bb4 Bb7 22. Bxc5 Rxd2 23. Bf2 c5 24. Rxd2 Rxd2 25. Be4 Bxe4 26. Rxe4= Rd1+ 27. Re1 Rxe1+ 28. Bxe1 Kf7 29. Kf2 h5 30. h4 a6
31. Ke3 b5 32. cxb5 axb5 33. Ke4 Ke6 34. Bc3 g6 35. Kd3 Kf5 36. Ba5 Kg4 37. Be1 Kf4 38. Bf2 c4+ 39. Kc3 Ke4 40. Bc5 Kd5
41. Ba7 f5 42. g3 f4 43. gxf4 exf4 44. Bf2 Ke4 45. Bg1 Kf3 46. Kb4 Ke4 47. Kc3=
1/2-1/2

[Event "jhw world CC Championship"]
[Site "SchemingMind.com"]
[Date "2007.07.10"]
[Round "-"]
[White "kwabena"]
[Black "Theodoric"]
[Result "0-1"]
[WhiteCountry "ENG"]
[BlackCountry "ENG"]
[WhiteElo "1553"]
[WhiteRD "80"]
[BlackElo "1803"]
[BlackRD "74"]
[GameID "112332"]

1. d4 Nf6 2. Bf4 e6 3. e3 d5 4. c4 Nc6 5. Nc3 Bb4 6. Ne2 Ne4 7. a3 Bxc3+ 8. Nxc3 Nxc3 9. bxc3 O-O 10. cxd5 exd5
11. c4 Re8 12. Be2 Ne7 13. Bg5 f6 14. Bf4 c6 15. O-O Bf5 16. Bg4 Bxg4 17. Qxg4 Ng6 18. Bg3 dxc4 19. a4 Qd5 20. Rfb1 b6
21. Qe2 Ne7 22. Rb2 Nf5 23. Bf4 Nxd4 24. Qg4 Qf5 25. Qd1 Nb3 26. Rab1 Rad8 27. Qe2 Nd2 28. Rc1 Qa5 29. Ra2 c3 30. Rd1 Rd7
31. e4 Rxe4 32. Qg4 Rde7 33. Qg3 Re1+
0-1

[Event "jhw world CC Championship"]
[Site "SchemingMind.com"]
[Date "2007.07.10"]
[Round "-"]
[White "jhw"]
[Black "Theodoric"]
[Result "1-0"]
[WhiteCountry "RSA"]
[BlackCountry "ENG"]
[WhiteElo "1535"]
[WhiteRD "69"]
[BlackElo "1783"]
[BlackRD "59"]
[GameID "112333"]

1. Nf3 d6 2. d4 Bg4 3. c4 Bxf3 4. exf3 Nf6 5. Qb3 Qc8 6. Be3 Nc6 7. Nc3 e6 8. Bd3 Be7 9. d5 Ne5 10. Be4 O-O
11. O-O c6 12. Rfc1 c5 13. dxe6 Nxe4 14. exf7+ Rxf7 15. fxe4 Ng4 16. Nd5 b6 17. Nxe7+ Rxe7 18. Bg5 Rf7 19. f3 Ne5 20. Rd1 Qd7
21. f4 Nc6 22. Qd3 Nd4 23. f5 Raf8 24. Be3 Rf6 25. Bxd4 cxd4 26. Qxd4 Qc7 27. g4 h6 28. h4 Rd8 29. Rd3 Rf7 30. e5 Qc5
31. Qxc5 bxc5 32. Rxd6 Rxd6 33. exd6 Rd7 34. Rd1 Kf7 35. g5 hxg5 36. hxg5
1-0

[Event "jhw world CC Championship"]
[Site "SchemingMind.com"]
[Date "2007.07.15"]
[Round "-"]
[White "Zonk"]
[Black "kwabena"]
[Result "0-1"]
[WhiteCountry "GER"]
[BlackCountry "ENG"]
[WhiteElo "1420"]
[WhiteRD "104"]
[BlackElo "1576"]
[BlackRD "79"]
[GameID "112418"]

1. e4 e5 2. Nf3 d6 3. d4 exd4 4. Nxd4 a6 5. Bc4 h6 6. O-O Nf6 7. Nc3 b5 8. Bd5 Ra7 9. Nc6 Nxc6 10. Bxc6+ Bd7
11. Qd4 Qb8
0-1

[Event "jhw world CC Championship"]
[Site "SchemingMind.com"]
[Date "2007.07.15"]
[Round "-"]
[White "kwabena"]
[Black "Zonk"]
[Result "1-0"]
[WhiteCountry "ENG"]
[BlackCountry "GER"]
[WhiteElo "1576"]
[WhiteRD "79"]
[BlackElo "1420"]
[BlackRD "104"]
[GameID "112425"]

1. d4 Nf6 2. Nc3 d6 3. Bf4 c6 4. e3 g6 5. h3 Bg7 6. Nf3 O-O 7. Bd3 Nbd7 8. Ne2 Re8 9. c4 e5 10. dxe5 dxe5
11. Bc2 exf4 12. Nxf4
1-0

[Event "jhw world CC Championship"]
[Site "SchemingMind.com"]
[Date "2007.07.11"]
[Round "-"]
[White "dadshane2000"]
[Black "WannaBe"]
[Result "1-0"]
[WhiteCountry "USA"]
[BlackCountry "USA"]
[WhiteElo "1881"]
[WhiteRD "69"]
[BlackElo "1452"]
[BlackRD "76"]
[GameID "112533"]

1. e4 c5 2. Nf3 d6 3. d4 cxd4 4. Nxd4 Nf6 5. Nc3 a6 6. Be3 e6 7. f3 Nbd7 8. g4 h6 9. Rg1 e5 10. Nf5 Qc7
11. h4 g6 12. Ng3 Nc5 13. Qd2 Be6 14. g5 hxg5 15. hxg5 Nfd7 16. b4 Nxe4 17. fxe4 O-O-O 18. b5 a5 19. Nd5 Bxd5 20. exd5 Bg7
21. b6
1-0

[Event "jhw world CC Championship"]
[Site "SchemingMind.com"]
[Date "2007.07.12"]
[Round "-"]
[White "dadshane2000"]
[Black "Archon"]
[Result "1-0"]
[WhiteCountry "USA"]
[BlackCountry "CAN"]
[WhiteElo "1881"]
[WhiteRD "69"]
[BlackElo "1711"]
[BlackRD "52"]
[GameID "112534"]

1. e4 d6 2. d4 Nf6 3. Nc3 g6 4. Be3 c6 5. Qd2 Bg7 6. Bh6 Bxh6 7. Qxh6 Qa5 8. Bd3 c5 9. d5 Nbd7 10. Nf3 b5
11. O-O b4 12. Ne2 Ba6 13. Bxa6 Qxa6 14. Ng3 Qc4 15. Rfe1 Qxc2 16. Re2 Qc4 17. b3 Qc3 18. Rc1 Qd3 19. Rd2 Qb5 20. h3 a5
21. Qe3 O-O 22. e5 dxe5 23. Nxe5 a4 24. Nxd7 Nxd7 25. Qxe7 axb3 26. axb3 Ra3 27. Ne4 Rxb3 28. Nxc5 Rc3 29. Rxc3 bxc3 30. Nxd7 Ra8
31. Nf6+ Kg7 32. Qe5 c2 33. Rxc2 Qb1+ 34. Kh2 Qxc2 35. Ng4+ Kg8 36. Nh6+
1-0

[Event "jhw world CC Championship"]
[Site "SchemingMind.com"]
[Date "2007.07.11"]
[Round "-"]
[White "dadshane2000"]
[Black "drunkenmaster"]
[Result "1/2-1/2"]
[WhiteCountry "USA"]
[BlackCountry "PHI"]
[WhiteElo "1881"]
[WhiteRD "70"]
[BlackElo "1876"]
[BlackRD "84"]
[GameID "112535"]

1. e4 c5 2. Nf3 d6 3. d4 cxd4 4. Nxd4 Nf6 5. Nc3 Nc6 6. Bg5 e6 7. Qd2 Be7 8. O-O-O O-O 9. f4 Nxd4 10. Qxd4 Qa5
11. e5 dxe5 12. Qxe5 Qxe5 13. fxe5 Nd5 14. Bd2 Rd8 15. Nxd5 Rxd5 16. Bc3 Rxd1+ 17. Kxd1 Bd7 18. h4 Bc6 19. Rh2 Rd8+ 20. Kc1 Bc5
21. Rh3 Kf8 22. g4 Ke7 23. Bd3 h6 24. h5= a6 25. a3 Rd7 26. b4 Bf2 27. Kb2 b5 28. a4 Bd4 29. a5 f6 30. exf6+ gxf6
31. Bg6 e5 32. Rd3 Bf2 33. Bf5 Rxd3 34. cxd3 Bd7 35. Bd2 Bxf5 36. gxf5 Bh4 37. Bxh6 Be1 38. Kb3 Kf7 39. Be3 Kg7 40. h6+ Kh7
41. d4 exd4 42. Bxd4 Bh4 43. Kc3 Kxh6 44. Kd3 Kg5 45. Ke4 Be1 46. Bc5 Bc3 47. Bd6 Bd2 48. Bc5 Bc3 49. Be7 Bd2 50. Bc5 Bc3
1/2-1/2

[Event "jhw world CC Championship"]
[Site "SchemingMind.com"]
[Date "2007.07.11"]
[Round "-"]
[White "dadshane2000"]
[Black "GLADI8R"]
[Result "1-0"]
[WhiteCountry "USA"]
[BlackCountry "USA"]
[WhiteElo "1844"]
[WhiteRD "74"]
[BlackElo "1444"]
[BlackRD "109"]
[GameID "112536"]

1. e4 e6 2. d4 d5 3. Nc3 Nf6 4. e5 Nfd7 5. f4 c5 6. Nf3 Nc6 7. Be3 cxd4 8. Nxd4 f6 9. Nxe6 Qe7 10. Nc7+ Kf7
11. N3xd5 Qd8 12. e6+ Kg8 13. exd7 Bxd7 14. Bc4 g6 15. Nxa8 Qxa8 16. Nc7+ Kg7 17. Nxa8 Bb4+ 18. c3 Bd6 19. Qxd6 Re8 20. Qxd7+ Kh6
21. Qxe8 Ne7 22. Qxe7 f5= 23. Bd4 Kh5 24. Qg5#
1-0

[Event "jhw world CC Championship"]
[Site "SchemingMind.com"]
[Date "2007.07.11"]
[Round "-"]
[White "dadshane2000"]
[Black "kwabena"]
[Result "1-0"]
[WhiteCountry "USA"]
[BlackCountry "ENG"]
[WhiteElo "1881"]
[WhiteRD "69"]
[BlackElo "1576"]
[BlackRD "79"]
[GameID "112537"]

1. e4 d5 2. exd5 Qxd5 3. Nc3 Qa5 4. Nf3 e6 5. d4 c5 6. Bd3 cxd4 7. Nxd4 a6 8. O-O Nf6 9. Nb3 Qd8 10. Bg5 h6
11. Bh4 Be7 12. Qe2 O-O 13. Rad1 Bd6 14. Ne4 g5 15. Nxd6 gxh4 16. Nxf7 Qe7 17. Nxh6+ Kh8 18. Nf5 Qc7 19. Nxh4 Rg8 20. Ng6+ Kg7
21. Qe5 Qxe5 22. Nxe5 Kf8 23. c4 Nbd7 24. Rfe1 Nxe5 25. Rxe5 Ke7 26. f3 Bd7 27. Nc5 Bc6 28. Rxe6+ Kf7 29. Rde1 Rae8 30. Rxe8 Nxe8
31. Be4 Bxe4 32. Nxe4 b5 33. cxb5
1-0

[Event "jhw world CC Championship"]
[Site "SchemingMind.com"]
[Date "2007.07.11"]
[Round "-"]
[White "dadshane2000"]
[Black "Theodoric"]
[Result "1-0"]
[WhiteCountry "USA"]
[BlackCountry "ENG"]
[WhiteElo "1874"]
[WhiteRD "71"]
[BlackElo "1783"]
[BlackRD "59"]
[GameID "112538"]

1. e4 e6 2. d4 d5 3. Nc3 Bb4 4. e5 c5 5. a3 Bxc3+ 6. bxc3 Qc7 7. Nf3 Ne7 8. a4 b6 9. Bb5+ Bd7 10. Bd3 c4
11. Be2 O-O 12. Ba3 Nbc6 13. O-O Rfe8 14. Re1 Nf5 15. Bc1 Reb8 16. Ng5 h6 17. Nh3 a5 18. Bg4 Nce7 19. Ba3 Qd8 20. Nf4 Ng6
21. Nxg6 fxg6 22. g3 Bxa4 23. Bxf5 gxf5 24. Bd6 Bxc2 25. Qxc2 Rb7 26. Qe2 Qe8 27. h4 Qg6 28. Kh2 b5 29. Rg1 a4 30. h5 Qe8
31. f4 Kh7 32. g4 fxg4 33. Qxg4 Qf7 34. Qg6+ Kh8 35. Rgf1 Qf5 36. Qxf5 exf5 37. Rg1 Rf7 38. Rg6 Kg8 39. Ba3 Raa7 40. e6 Rf6
41. Rxf6 gxf6 42. Rg1+
1-0

[Event "jhw world CC Championship"]
[Site "SchemingMind.com"]
[Date "2007.07.12"]
[Round "-"]
[White "dadshane2000"]
[Black "jhw"]
[Result "1-0"]
[WhiteCountry "USA"]
[BlackCountry "RSA"]
[WhiteElo "1881"]
[WhiteRD "69"]
[BlackElo "1635"]
[BlackRD "88"]
[GameID "112540"]

1. e4 c5 2. Nf3 Nc6 3. Bb5 Nf6 4. Nc3 g6 5. e5 Ng4 6. Bxc6 dxc6 7. h3 Nh6 8. d3 Bg7 9. O-O O-O 10. Ne4 b6
11. b3 Nf5 12. Bf4 Bb7 13. Re1 Nd4 14. c3 Nxf3+ 15. Qxf3 f5 16. exf6 exf6 17. Nd6 Ba6 18. Qxc6 f5 19. Qd5+ Kh8 20. Be5 Qd7
21. d4 Bxe5 22. Qxe5+ Kg8 23. dxc5
1-0

[Event "jhw world CC Championship"]
[Site "SchemingMind.com"]
[Date "2007.07.11"]
[Round "-"]
[White "WannaBe"]
[Black "dadshane2000"]
[Result "0-1"]
[WhiteCountry "USA"]
[BlackCountry "USA"]
[WhiteElo "1452"]
[WhiteRD "76"]
[BlackElo "1881"]
[BlackRD "69"]
[GameID "112541"]

1. e4 e5 2. Nf3 Nc6 3. d4 exd4 4. Nxd4 Nf6 5. Nc3 Bb4 6. Nxc6 bxc6 7. Bd2 O-O 8. Bd3 d5 9. O-O Rb8 10. exd5 cxd5
11. a3 Be7 12. b4 c5 13. bxc5 Bxc5 14. Kh1 Ng4 15. h3 Nxf2+ 16. Rxf2 Bxf2 17. Qf3 Bd4 18. Rf1 Be6 19. Bf5 g6 20. Bxe6 fxe6
21. Qd3 Rxf1+ 22. Qxf1 Qf6 23. Qxf6 Bxf6
0-1

[Event "jhw world CC Championship"]
[Site "SchemingMind.com"]
[Date "2007.07.12"]
[Round "-"]
[White "Archon"]
[Black "dadshane2000"]
[Result "1/2-1/2"]
[WhiteCountry "CAN"]
[BlackCountry "USA"]
[WhiteElo "1711"]
[WhiteRD "52"]
[BlackElo "1881"]
[BlackRD "69"]
[GameID "112542"]

1. e4 e5 2. Nf3 Nc6 3. d4 exd4 4. Nxd4 Nf6 5. Nxc6 bxc6 6. e5 Qe7 7. Qe2 Nd5 8. c4 Nb6 9. b3 Qe6 10. Bb2 a5
11. a4 Bb4+ 12. Bc3 c5 13. Bxb4 cxb4 14. Nd2 Ba6 15. Nf3 h6 16. Qe3 O-O 17. Bd3 Bb7 18. Be4 Bxe4 19. Qxe4 d5 20. cxd5 Qxd5
21. Qxd5 Nxd5 22. O-O c5 23. Nd2 Nc3 24. Nc4 Ne2+ 25. Kh1 Nd4 26. Rab1 Rfe8 27. f4 Nf5 28. Rbd1 Nd4 29. Rd3 Ra6 30. g4 f6
31. Nd6 Re6 32. Nc4 f5 33. h3 g6 34. Rg3 Kh7 35. gxf5 Nxf5 36. Rd3 Nd4 37. Rg3 Nf5 38. Rd3 Nd4 39. Rg3=
1/2-1/2

[Event "jhw world CC Championship"]
[Site "SchemingMind.com"]
[Date "2007.07.11"]
[Round "-"]
[White "drunkenmaster"]
[Black "dadshane2000"]
[Result "1/2-1/2"]
[WhiteCountry "PHI"]
[BlackCountry "USA"]
[WhiteElo "1886"]
[WhiteRD "83"]
[BlackElo "1874"]
[BlackRD "71"]
[GameID "112543"]

1. e4 e5 2. Nf3 Nc6 3. Bc4 Nf6 4. d3 Bc5 5. c3 d6 6. O-O Bb6 7. Bb3 O-O 8. Nbd2 Ne7 9. h3 Ng6 10. Nc4 h6
11. Re1 Nh5 12. d4 exd4 13. cxd4 Nhf4 14. Nxb6 axb6 15. Be3 Qf6 16. e5 dxe5 17. dxe5 Qe7 18. Qd4 Ne6 19. Qc3 c5 20. Rad1 Rd8
21. Rxd8+ Nxd8 22. a3 Bf5 23. Bd5 Nc6 24. Bxc6 bxc6 25. b4 cxb4 26. axb4 Qc7 27. Nd4 Be4 28. f3 Bd5 29. Nf5 Ra2 30. Ra1 Rxa1+
31. Qxa1 c5 32. bxc5 bxc5 33. Qc3 c4 34. Nd6 Be6 35. f4 Ne7 36. Qc2 Qa5 37. Bd2 Qc5+ 38. Kh2 Nc6 39. Ne4 Qb6 40. Be1 Qe3
41. Bd2 Qe2 42. Ng3 Qf2 43. Ne4 Qe2=
1/2-1/2

[Event "jhw world CC Championship"]
[Site "SchemingMind.com"]
[Date "2007.07.11"]
[Round "-"]
[White "GLADI8R"]
[Black "dadshane2000"]
[Result "0-1"]
[WhiteCountry "USA"]
[BlackCountry "USA"]
[WhiteElo "1434"]
[WhiteRD "99"]
[BlackElo "1874"]
[BlackRD "71"]
[GameID "112544"]

1. e4 e5 2. Nf3 Nc6 3. Bc4 Nf6 4. Nc3 Nxe4 5. Bxf7+ Kxf7 6. Nxe4 d5 7. Ng3 e4 8. Ng1 Bc5 9. d3 Rf8 10. N1e2 Kg8
11. O-O exd3 12. Qxd3 Ne5 13. Qb3 b6 14. Bf4 Ng6 15. Bxc7 Qd7 16. Nh1 Ba6 17. Rfe1 Qxc7 18. Qxd5+ Kh8 19. Nhg3 Bxf2+ 20. Kh1 Bxe1
21. Rxe1 Bxe2 22. Rxe2 Nf4 23. Qe4 Nxe2 24. Qxe2 Rae8 25. Qd2 Qe5 26. h3 Qe1+ 27. Qxe1 Rxe1+ 28. Kh2 Rf2 29. c3 Rxb2 30. a3 Rb3
31. Nf5 Rxc3 32. a4 Ra1 33. Nd6 Rxa4 34. Nf7+ Kg8 35. Nd6 Rc2 36. Kg3 Raa2 37. Ne4 Rxg2+ 38. Kf3 a5 39. Nd6 Rgb2 40. Nc4 Rb3+
41. Ne3 Raa3 42. h4 Rxe3+ 43. Kf4 Re1 44. Kf5 Rf3+ 45. Kg4 Rf8 46. Kh3 Rg1 47. Kh2 Rg6 48. h5 Rg5 49. Kh3 Rxh5+ 50. Kg4 g6
51. Kg3 Rg5+ 52. Kh4 h6 53. Kh3 Rf2 54. Kh4 Rh2#
0-1

[Event "jhw world CC Championship"]
[Site "SchemingMind.com"]
[Date "2007.07.11"]
[Round "-"]
[White "kwabena"]
[Black "dadshane2000"]
[Result "0-1"]
[WhiteCountry "ENG"]
[BlackCountry "USA"]
[WhiteElo "1553"]
[WhiteRD "80"]
[BlackElo "1844"]
[BlackRD "74"]
[GameID "112545"]

1. d4 Nf6 2. Bf4 c5 3. c3 e6 4. e3 Nc6 5. a3 Be7 6. b4 cxd4 7. cxd4 a6 8. Nf3 Nh5 9. Be5 Nxe5 10. Nxe5 Nf6
11. Qf3 d6 12. Nc4 O-O 13. Nc3 Rb8 14. Bd3 b6 15. Ne4 Bb7 16. Nxf6+ Bxf6 17. Nd2 Bxf3 18. Nxf3 b5 19. O-O e5 20. dxe5 dxe5
21. Rfd1 Qe7 22. Be4 Rfd8 23. Re1 Qe6 24. h3 Qc4 25. Bf5 e4 26. Nh2 Bxa1
0-1

[Event "jhw world CC Championship"]
[Site "SchemingMind.com"]
[Date "2007.07.16"]
[Round "-"]
[White "Theodoric"]
[Black "dadshane2000"]
[Result "1-0"]
[WhiteCountry "ENG"]
[BlackCountry "USA"]
[WhiteElo "1783"]
[WhiteRD "59"]
[BlackElo "1874"]
[BlackRD "71"]
[GameID "112546"]

1. e4 e5 2. Nf3 Nc6 3. Bc4 Nf6 4. d4 exd4 5. O-O Nxe4 6. Re1 d5 7. Bxd5 Qxd5 8. Nc3 Qa5 9. Nxe4 Be6 10. Neg5 O-O-O
11. Nxe6 fxe6 12. Rxe6 Bd6 13. Bd2 Qh5 14. Re4 Be7 15. Ng5 Qxd1+ 16. Rxd1 Bxg5 17. Bxg5 Rde8 18. Rde1 Rxe4 19. Rxe4 h6 20. Bd2 Kd7
21. f3 Rf8 22. Bb4 Rf5 23. Bd2 a5 24. a3 Rd5 25. h4 b6 26. g4 Ne5 27. Kg2 Nc4 28. Bc1 Nd6 29. Re2 c5 30. a4 c4
31. b3 cxb3 32. cxb3 Nb7 33. Ba3 Nc5 34. Bxc5 bxc5 35. Kf2 Rd6 36. Rd2 Kc6 37. f4 Kd5 38. f5 Ke4 39. Ke1 Kf3 40. g5 hxg5
41. hxg5 d3 42. f6 gxf6 43. g6 f5 44. g7 Rd8 45. Rxd3+ Rxd3 46. g8=Q Re3+ 47. Kf1
1-0

[Event "jhw world CC Championship"]
[Site "SchemingMind.com"]
[Date "2007.07.12"]
[Round "-"]
[White "jhw"]
[Black "dadshane2000"]
[Result "1-0"]
[WhiteCountry "RSA"]
[BlackCountry "USA"]
[WhiteElo "1439"]
[WhiteRD "63"]
[BlackElo "1881"]
[BlackRD "70"]
[GameID "112548"]

1. Nf3 b6 2. g3 c5 3. Bg2 Bb7 4. O-O Nf6 5. c4 g6 6. Nc3 Bg7 7. d4 cxd4 8. Nxd4 Bxg2 9. Kxg2 O-O 10. e4 Qc7
11. b3 Nxe4 12. Nxe4 Qe5 13. f3 Qxd4 14. Qxd4 Bxd4 15. Rb1 Nc6 16. Bb2 f5 17. Ng5 h6 18. Nh3 e5 19. Bxd4 Nxd4 20. f4 d6
21. Rfe1 Rfe8 22. fxe5 dxe5 23. Rbd1 Rad8 24. Nf4 exf4 25. Rxd4 Rxd4 26. Rxe8+ Kf7 27. Ra8 Rd2+ 28. Kf3 Rxa2 29. Kxf4 Kf6 30. h4 g5+
31. hxg5+ hxg5+ 32. Kf3 Ra3 33. Kg2 Rxb3 34. Rxa7 g4 35. Rb7 Rb2+ 36. Kf1 Ke6 37. c5 Kd5 38. Rxb6 Rxb6 39. cxb6 Kc6 40. Ke2 Kxb6
41. Ke3 Kc6 42. Kf4 Kd6 43. Kxf5 Ke7 44. Kxg4 Kf7 45. Kg5 Kg7 46. g4 Kg8 47. Kg6 Kf8 48. Kh7 Kf7 49. g5
1-0